Представление документа в формате RUSMARC

Поле Инд. ПП Название Значение
Тип записи a
Библиографический уровень a
001 Контрольный номер 73e4a40e632f43d8b3a2447f4134eb91
005 Дата корректировки 20190614124232.6
100 a Данные общей обработки 20190614 ||| 0rusy0189 ca
101 0_ a Язык текста rus
102 a Страна публикации RU
200 1_ f Первые сведения об ответственности Д.В. Соколов
a Заглавие Изменение структуры и функций Правительствующего Сената в Российской империи в 1896 - 1917 гг.
b Общее обозначение материала Текст
210 1_ d Дата издания 2019
461 _0 1 2000
a История государства и права
463 _0 1 2000
a № 6
v С. 28-33
1 2101
d 2019
1 001e2a6d57ead3149c08550acbfee738748
606 a Основная рубрика Правоохранительные и судебные органы
610 0_ a Ключевые слова ИСТОРИЯ ПРАВА РОССИИ
a Ключевые слова СУДЕБНЫЙ ДЕПАРТАМЕНТ
700 _1 a Фамилия Соколов
b Имя Д.В.
801 _0 a Страна RU
b Организация РГУП
c Дата составления 20190614
g Правила каталогизации PSBO
801 _1 a Страна RU
b Организация РГУП
c Дата составления 20190614
g Правила каталогизации PSBO
901 t Тип документа b
w Контрольный № источника e2a6d57ead3149c08550acbfee738748
905 a Дата ввода 20190614